Paroles "J'ai un rêve" - Raiponce (Disney) - Statistiques

Statistiques générales
  • Ce quiz a été pris 168 fois
  • Le résultat moyen est 317 sur 439
Statistiques - réponses
Chanteur Paroles % Correct
J'ai
100%
j'ai
100%
rêvé
100%
rêve
100%
rêve,
100%
un
100%
Moi
98%
moi
98%
a
96%
à
96%
de
95%
La
93%
la
93%
le
93%
les
92%
Les
92%
Choeurs Elle
91%
Ma
90%
ma
90%
Raiponce C'est
89%
qui
88%
ciel
87%
dans
87%
voir
87%
Choeurs | Chœurs Il
85%
il
85%
vous
85%
vous,
85%
Vous
85%
et
84%
La main froide Et
84%
Flynn | L'Amoureux | La main froide Je
84%
je
84%
lanternes
83%
gens
79%
gens,
79%
suis
79%
comme
78%
Comme
78%
s'élèvent
78%
me
77%
pianiste
77%
tour
77%
grand
76%
Mais
76%
mon
76%
On
76%
on
76%
jour
75%
petit
75%
au
74%
quitté
74%
chaque
73%
d'être
73%
une
73%
aussi
72%
toujours
72%
d'avoir
71%
Avec
70%
avec
70%
En
70%
en
70%
est
69%
île
68%
licornes
68%
moins
68%
poésie
68%
sur
68%
tous
68%
Mozart
67%
trésor
67%
braves
66%
coeur
66%
jolie
66%
main
66%
ne
65%
morceau
64%
profite
64%
gros
63%
Tous Oui
63%
rendu
63%
tant
63%
tristes
63%
d'or
62%
petites
62%
pièces
62%
quotidien
62%
son
62%
guerre
61%
interpréter
61%
nez
61%
pas
61%
méchant,
60%
Si
60%
tout
60%
Tout
60%
tranquille
60%
collectionne
59%
froide,
59%
Ravie
59%
vilain
59%
Entouré
58%
malgré
58%
reposé,
58%
fer
57%
jolies
57%
laid
57%
caractère
56%
cherche
56%
milliers
56%
soleil
56%
vois
56%
celle
55%
crochet
54%
des
54%
donnera
54%
bras
53%
encore
53%
fond
53%
fou
53%
Heureux
53%
heureux
53%
malin,
53%
repoussant
53%
Venise
53%
Vladimir
53%
y
53%
promise
52%
sont
51%
blanches,
50%
l'amant
50%
monde,
50%
noires
50%
orteils
49%
sans
49%
six
49%
aux
48%
décorateur
48%
m'imagine
48%
pieds
48%
Plus
48%
que
48%
compris,
47%
devant
47%
gondole
47%
laideur
47%
même
47%
s'amuse
47%
bon
46%
enfant
46%
styliste
46%
homme
45%
l'aurez
45%
peux
45%
bien
44%
brigand
44%
Chatouiller
44%
fais
43%
gâteaux
43%
tricote,
43%
vis
43%
Bronzé,
42%
pleurs
42%
cabossé
41%
dames
41%
sublimes
41%
devenir
40%
infectée
39%
mime
39%
pitié
39%
quartier
39%
quitter
39%
adore
38%
coeurs,
38%
élève
38%
musique
38%
peut
38%
plaie
38%
recoud,
38%
rêveur
38%
dire
37%
fleuriste
37%
nos
37%
optimistes
37%
plutôt
37%
l'amour
36%
veut
36%
affreusement
35%
chacun
35%
La main froide Loin
34%
qu'un
34%
relève
34%
bonne
33%
brutes,
33%
fous,
33%
prendra
33%
gars
32%
humeur
32%
Merci !
32%
L'Amoureux J'espère
29%
courant
28%
fumistes
28%
Gunter
28%
partent
28%
tête,
27%
goitre
26%
pauvre
26%
Alors
25%
coule
24%
Ouais,
23%
Ouais !
23%
sève
23%
trêve
23%
J'arrive
22%
Parce
22%
qu'au
21%
veines
21%
cruel,
20%
Choeurs Thor
19%
d'Atti
18%
Ulf
16%
Fang
4%
Aucun quiz correspondant
Distribution des résultats
% des personnes avec chaque résultat
Percentile par nombre de réponses
Votre historique - résultats
Vous n’avez pas pris ce quiz